banner-ar

نظريات ومسائل فى البرمجة بلغة الكوبل / (Record no. 39264)

MARC details
000 -الفاتح
حقل البيانات ثابتة الطول 00755nam a2200205Ia 4500
008 - عناصر البيانات ثابتة الطول - معلومات عامة
حقل البيانات ثابتة الطول 140319s9999 xx 000 0 ara d
040 ## - مصدر الفهرسة
وكالة الفهرسة الأصلية GCL /
وكالة النسخ GCL
082 04 - رقم تصنيف ديوى العشرى
رقم التصنيف 001.6424
رقم المادة ن م
100 1# - المدخل الرئيسى - إسم شخصى
الإسم الشخصى سرور على ابراهيم سرور
245 10 - بيان العنوان
العنوان نظريات ومسائل فى البرمجة بلغة الكوبل /
بيان المسئوليه,etc سرور على ابراهيم سرور
700 1# - المدخل الاضافى - اسم شخصى
الإسم الشخصى نيوكومر , لورنس
260 ## - PUBLICATION, DISTRIBUTION, ETC. (IMPRINT)
تاريخ النشر أو التوزيع 1991
300 ## - الوصف المادى
التعداد 520 ص
490 ## - بيان السلسلة
عنوان السلسلة سلسلة ملخصات شوم
رقم المجلد/ التعيين التسلسلي 0
650 04 - المدخل الاضافى بالموضوع-مصطلح موضوعى
مصطلح موضوعي الحاسبات الالكترونية
650 04 - المدخل الاضافى بالموضوع-مصطلح موضوعى
مصطلح موضوعي الكوبول
650 04 - المدخل الاضافى بالموضوع-مصطلح موضوعى
مصطلح موضوعي الحاسبات الالكترونية - برامج
942 ## - عناصر المدخل الإضافي( كوها)
مصدر التصنيف او مخطط الترفيف Dewey Decimal Classification
Koha [default] item type كتاب
260 ## - PUBLICATION, DISTRIBUTION, ETC. (IMPRINT)
-- [S.N] :
-- الدار الدولية للنشر والتوزيع ،
Holdings
حالة التراجع حالة الفقد حالة تلف ليس للاعارة المكان المؤقت الموقع الحالى تاريخ الاكتساب اجمالي اﻻعارات رقم الطلب الباركود تاريخ اخر مشاهدة تاريخ تفعيل السعر نوع وعاء كوها
        مكتبة القاهرة الكبرى مكتبة القاهرة الكبرى 03/26/2014   001.6424\ن م 96098 03/26/2014 03/26/2014 كتاب

Powered By

EGPV